| 000 | 00501nam a22001697a 4500 | ||
|---|---|---|---|
| 005 | 20251108165241.0 | ||
| 008 | 250721s1993 xx 000 0 ara d | ||
| 082 | 1 | 4 | _a551.483/رشد |
| 100 | 1 | _aسعيد، رشدي | |
| 245 | 1 | 0 |
_aنهر النيل : _bنشأته و إستخدام مياهه في الماضي و المستقبل / |
| 264 |
_bدار الهلال، _c1993. |
||
| 300 | _a342ص | ||
| 650 | 1 | 7 | _aنهر النيل |
| 650 | 1 | 7 | _aالأنهار |
| 942 |
_2ddc _cBK |
||
| 999 |
_c23242 _d23242 |
||